Viaje al interior de una gota de sangre / (Registro nro. 11692)

000 -CABECERA
campo de control de longitud fija 01914nam a2200277 a 4500
001 - NÚMERO DE CONTROL
campo de control 000085537
005 - FECHA Y HORA DE LA ÚLTIMA TRANSACCIÓN
campo de control 20200120224917.0
008 - DATOS DE LONGITUD FIJA--INFORMACIÓN GENERAL
campo de control de longitud fija 161121s2017 ck ||||e n||| 001 fdspa d
020 ## - NÚMERO INTERNACIONAL ESTÁNDAR DEL LIBRO
Número Internacional Estándar del Libro 9789585428034
020 ## - NÚMERO INTERNACIONAL ESTÁNDAR DEL LIBRO
Número Internacional Estándar del Libro 9789585496064
041 0# - CÓDIGO DE LENGUA
Código de lengua del texto/banda sonora o título independiente spa
043 ## - CÓDIGO DE ÁREA GEOGRÁFICA
Código de área geográfica s-ck---
090 ## - LOCALMENTE ASIGNADO TIPO-LC NÚMERO DE CLASIFICACIÓN (OCLC); NÚMERO DE CLASIFICACIÓN LOCAL (RLIN)
Número de clasificación (OCLC) (R) ; Numero de clasificación, CALL (RLIN) (NR) AN
Número cutter local (OCLC) ; Número de libro/Signatura topográfica íntegra, CALL (RLIN) FERDAvi
100 1# - ENTRADA PRINCIPAL--NOMBRE DE PERSONA
Nombre de persona Ferreira, Daniel
245 10 - MENCIÓN DE TÍTULO
Título Viaje al interior de una gota de sangre /
Mención de responsabilidad, etc. Daniel Ferreira.
250 ## - MENCIÓN DE EDICIÓN
Mención de edición 1a. ed.
260 ## - PUBLICACIÓN, DISTRIBUCIÓN, ETC.
Lugar de publicación, distribución, etc. Bogotá :
Nombre del editor, distribuidor, etc. Penguin Random House Grupo Editorial,
Fecha de publicación, distribución, etc. 2017.
300 ## - DESCRIPCIÓN FÍSICA
Extensión 134 páginas.
490 #0 - MENCIÓN DE SERIE
Mención de serie Alfaguara
520 ## - SUMARIO, ETC.
Sumario, etc. "Primer libro sobre una pentalogía sobre la violencia en Colombia de Daniel Ferreira, premio Clarín 2014. Un pequeño pueblo se prepara para elegir a su reina de belleza durante la celebración de las fiestas anuales, cuando un grupo de encapuchados armados irrumpe en una camioneta y les dispara a todos los asistentes a la celebración. A través de un coro compuesto por las voces de los muertos y perfectamente orquestado por el autor, el lector podrá reconstruir el horror y la injusticia de una de las múltiples masacres perpetuadas por el paramilitarismo en los pequeños pueblos de Colombia. La crítica ha dicho "Viaje al interior de una gota de sangre es un muro de la infamia pintado en una iglesia por un artista de pueblo. El muro es una denuncia pública de las matanzas que vive la región. Cuando los encapuchados lleguen a masacrar a la población, la historia dibujada se convertirá en la historia del libro. Es un gran fresco del que se extraen a primeros planos las vidas hipotéticas de quienes van a morir en una masacre". Fernando Araújo Vélez, El Espectador "
650 17 - PUNTO DE ACCESO ADICIONAL DE MATERIA--TÉRMINO DE MATERIA
Término de materia o nombre geográfico como elemento de entrada Novela colombiana
Subdivisión general Aspectos sociales
Fuente del encabezamiento o término LEMB
650 27 - PUNTO DE ACCESO ADICIONAL DE MATERIA--TÉRMINO DE MATERIA
Término de materia o nombre geográfico como elemento de entrada Literatura colombiana
Fuente del encabezamiento o término LEMB
650 27 - PUNTO DE ACCESO ADICIONAL DE MATERIA--TÉRMINO DE MATERIA
Término de materia o nombre geográfico como elemento de entrada Invasiones en la literatuara
Fuente del encabezamiento o término LEMB
650 27 - PUNTO DE ACCESO ADICIONAL DE MATERIA--TÉRMINO DE MATERIA
Término de materia o nombre geográfico como elemento de entrada Campesinos en la literatuara
Fuente del encabezamiento o término LEMB
650 27 - PUNTO DE ACCESO ADICIONAL DE MATERIA--TÉRMINO DE MATERIA
Término de materia o nombre geográfico como elemento de entrada Violencia en la literatuara
Fuente del encabezamiento o término LEMB
Existencias
Estado de retiro Estado de pérdida Fuente del sistema de clasificación o colocación Estado dañado No para préstamo Código de colección Localización permanente Ubicación/localización actual Fecha de adquisición Número de inventario Total de préstamos Signatura topográfica completa Código de barras Fecha visto por última vez Fecha del último préstamo Número de copia Precio válido a partir de Tipo de ítem Koha Nota pública
          Literatura Adulto Biblioteca Pública San Juan Bosco Biblioteca Pública San Juan Bosco 20/01/2020 NT 4 AN FERDAvi MOS019922 26/02/2024 12/02/2024 ej.1 20/01/2020 Libro Literatura Quince días

© Todos los derechos reservados para la Biblioteca Pública Municipal San Juan Bosco, 2020
Secretaria de Cultura de Mosquera
Carrera 3 N° 10 Esquina Centro Cultural Barrio El Carmén Teléfono: 8270830 Ext: 34
Funcionando con KOHA
Contacto: Biblioteca Pública Municipal San Juan Bosco/ bibliotecasanjuanbosco@mosquera-cundinamarca.gov.co
Mosquera, Cundinamarca